| 000 | 00854pam a2200265 a 4500 | ||
|---|---|---|---|
| 001 | 30424 | ||
| 005 | 20230410130524.0 | ||
| 008 | 950324s1996 pr b 001 0 spa | ||
| 035 | _9(DLC) 95014092 | ||
| 035 | _a4924450 | ||
| 942 |
_2lcc _cbk |
||
| 010 | _a95014092 | ||
| 020 | _a0847702294 (pbk.) | ||
| 040 |
_aDLC _cDLC _dDLC |
||
| 050 | 1 | 4 |
_aPM 7093 _bA473a 1996 |
| 082 | 0 | 0 |
_a498/.3 _220 |
| 100 | 2 | _aAlvarez Nazario, Manuel. | |
| 245 | 1 | 0 |
_aArqueología linguística : _bestudios modernos dirigidos al rescate y reconstrucción del arahuaco taíno / _cManuel Álvarez Nazario. |
| 250 | _a1. ed. | ||
| 260 |
_aSan Juan, P.R. : _bEditorial de la Universidad de Puerto Rico, _c1996. |
||
| 300 |
_a145 p. ; _c23 cm. |
||
| 504 | _aIncludes bibliographical references and indexes. | ||
| 650 | 0 | _aTaino language. | |
| 650 | 0 | _aArawakan languages. | |
| 999 |
_c75499 _d75499 |
||